00595nam a2200169 a 450000100100000000500170001000800410002704000250006808200150009324500760010826000440018430000200022850000380024804900090028695201130029599900170040800002809120200930031336.0110406s1960 dr 000 0 spa d aDO-SdBNPbspacBNPHU axxxbC355a00aCastro el anticristo de la sierra maestra :b9 opiniones profesionales. aCiudad Trujillo, :bArte y Cine,c1960. a58 p. ;c22 cm. aIncluye notas al pie de páginas aBNPD 0010718PDaPDbPDcCTd2011-04-06iLF1l0oxxx C355ap28091-10r2020-06-25w2020-06-25yLFPDZNo se presta c27583d27583